ห้องสมุด วิทยาลัยพยาบาลบรมราชชนนี อุดรธานี
Boromarajonani College of Nursing, Udonthani
เปลี่ยนเป็นภาษาไทย

Change to English
 แสดงรายละเอียดบรรณานุกรม
  กลับหน้าหลัก

Brief Record : Get Marc (ISO 2709) : E-mail record : QR code ปิดหน้าต่าง
หนังสืออ้างอิง : เกี่ยวกับ Collections
mysqli: Table './ulib2015/stat_globaluid' is marked as crashed and last (automatic?) repair failed
select id from stat_globaluid where statuid='20260418040708_379' 
mysqli: Table './ulib2015/stat_globaluid' is marked as crashed and last (automatic?) repair failed
DELETE FROM stat_globaluid
			WHERE id NOT IN (
			  SELECT id
			  FROM (
				SELECT id
				FROM stat_globaluid
				ORDER BY id DESC
				LIMIT 100
			  ) foo
			); 
mysqli: Table './ulib2015/stat_globaluid' is marked as crashed and last (automatic?) repair failed
insert into stat_globaluid set
		statuid='20260418040708_379',
		dt='1776460028',
		phpself='/ULIB/dublinfull.php',
		agent='Mozilla/5.0 AppleWebKit/537.36 (KHTML, like Gecko; compatible; ClaudeBot/1.0; +claudebot@anthropic.com)',
		yea='2026',
		mon='4',
		dat='18',
		ip='216.73.216.198'
		
		
LEADER 00674nam 2200229 a 4500
001    12714
003     ULIBM
008    121011s2529 th m a001 0 tha d
050  4 ^aPE^bส875ว 2529
245 ^a ^a1111
250    ^aพิมพ์ครั้งที่ 1.
300    ^a 64 หน้า.
650  7 ^aภาษาอังกฤษ
700 0  ^aวิชาการใช้ภาษาอังกฤษ 1
945    ^p0^l0^i4035
945    ^p0^l0^i4036
945    ^p0^l0^i4037
945    ^p0^l0^i4038
945    ^p0^l0^i4039
945    ^p0^l0^i4043
945    ^p0^l0^i4045
999     ^aลิขิตลักษณ์
รายการนี้ยังไม่มีแท็ก
คุณยังไม่ได้ล็อกอิน คุณสามารถมีกิจกรรมร่วมกับเว็บไซต์ได้ แต่ต้องล็อกอินก่อน ::
  ล็อกอิน
ลำดับที่ ประเภท เลขเรียก/บาร์โค้ด สถานที่ สถานะ
1. หนังสือภาษาไทย
หนังสือภาษาไทย
PE ส875ว 2529  
  Barcode: 4035
หนังสือทั่วไป On Shelf
2. หนังสือภาษาไทย
หนังสือภาษาไทย
PE ส875ว 2529 ฉ.2 
  Barcode: 4036
หนังสือทั่วไป On Shelf
3. หนังสือภาษาไทย
หนังสือภาษาไทย
PE ส875ว 2529 ฉ.3 
  Barcode: 4037
หนังสือทั่วไป On Shelf
4. หนังสือภาษาไทย
หนังสือภาษาไทย
PE ส875ว 2529 ฉ.4 
  Barcode: 4038
หนังสือทั่วไป On Shelf
5. หนังสือภาษาไทย
หนังสือภาษาไทย
PE ส875ว 2529 ฉ.5 
  Barcode: 4039
หนังสือทั่วไป On Shelf
6. หนังสือภาษาไทย
หนังสือภาษาไทย
PE ส875ว 2529 ฉ.6 
  Barcode: 4043
หนังสือทั่วไป On Shelf
7. หนังสือภาษาไทย
หนังสือภาษาไทย
PE ส875ว 2529 ฉ.7 
  Barcode: 4045
หนังสือทั่วไป On Shelf
   [แสดง 7/7 รายการ]

mysqli: Can't create/write to file '/var/tmp/#sql_59d_0.MAI' (Errcode: 2)
select * from index_db where titl like '%วิชาภาษาอังกฤษ 1/ สุวาณี  ชาครียวัฒน์%' and mid<>'12714'  order by rand() limit 3
mysqli: Can't create/write to file '/var/tmp/#sql_59d_0.MAI' (Errcode: 2)
select * from index_db where subj like '%ภาษาอังกฤษ%' and mid<>'12714'  order by rand() limit 3

BibComment


ยังไม่เคยถูกคอมเมนท์

คอมเมนท์ทรัพยากรรายการนี้
  คอมเมนท์: วิชาภาษาอังกฤษ 1..
Bib 12714

 
 
 

 Union Library Management : ULibM
Copyright 2026. All Rights Reserved.